00682nam a2200193Ia 450000500170000000800410001702000180005804000180007604100080009408200220010210000220012424501080014625000130025426000560026730000320032365000530035565000610040870000190046920241129114705.0210716s2010 xx 000 0 und d a9788120340039 cAIMIT LIBRARY aeng a005.74 211bKROD aKroenke, David M. aDatabase processing :bfundamentals design and implementation /cBy David M. Kroenke and David J. Auer. a11th ed. aNew Delhi :bPHI Learning private limited ,c2010 . axxix, 607p. ;bPBc27.5 cm. aData modeling with the entity relationship model aSQL for database construction and application processing aAuer, David J.